| 000 | 05962nam a22006617a 4500 | ||
|---|---|---|---|
| 005 | 20080626145523.0 | ||
| 008 | 080618t xxu||||| |||| 00| 0 eng d | ||
| 010 | _aB-261134-160 B-356976 | ||
| 020 |
_c200.00 _a8124112779 |
||
| 020 |
_c245.00 _a9788124112779 |
||
| 035 | _aB-261134-160 | ||
| 035 | _aB-356976 | ||
| 037 |
_bBook Mark Distributors/11.4.08/14/8.4.08/19.5.08/200.00/ _a3585 dt. 11.4.08 |
||
| 037 | _bDBAD / PUB | ||
| 040 |
_aDPL _bEnglish |
||
| 082 | _a394.26954 | ||
| 100 | _aGupta, Shobhna | ||
| 245 |
_aFestivals of India / _cby Shobhna Gupta |
||
| 260 |
_aNew Delhi _bHar-Anand Publications _c2008 |
||
| 260 |
_aNew Delhi _bHar-Anand Publications _c2007(repr.). |
||
| 260 |
_aNew Delhi _bBook Mark Distributors |
||
| 260 |
_a _b |
||
| 270 |
_aE-49/3, Okhla Industrail Area, Phase-II, _bNew Delhi _e110020 |
||
| 270 |
_a86/4, Building Kaley Khan, Mehrauli, _bNew Delhi _e110030 |
||
| 300 |
_a104p.: _c26 cm (Hb) _bcol. ill. |
||
| 500 | _arepr. of 2008 | ||
| 942 |
_cCH _h394.26954 _2ddc _mGUP |
||
| 999 |
_c14033 _d14033 |
||